[Event "AUTO-BEG-08"]
[Site "http://www.queenalice.com/game.php?id=36537"]
[Date "2005.11.5"]
[Round "1"]
[White "toura"]
[Black "xtreme"]
[Result "1-0"]
[WhiteElo "1119"]
[BlackElo "1220"]

1. Nf3 Nc6 2. d4 e6 3. c4 d5 4. Nc3 Nf6 5. Bg5 Be7 6. e3 h6 7. Bxf6 Bxf6 8. Bd3
O-O 9. O-O Nb4 10. cxd5 Nxd3 11. Qxd3 exd5 12. Rfe1 c6 13. e4 dxe4 14. Nxe4 Bf5
15. Rac1 Re8 16. Rc5 Bg6 17. Re3 1-0

[Event "AUTO-BEG-08"]
[Site "http://www.queenalice.com/game.php?id=36538"]
[Date "2005.11.5"]
[Round "1"]
[White "xtreme"]
[Black "toura"]
[Result "0-1"]
[WhiteElo "1197"]
[BlackElo "1139"]

1. e4 e6 2. Nf3 d5 3. exd5 exd5 4. d4 Bd6 5. Bg5 Ne7 6. Bd3 Bg4 7. h3 Bxf3 8.
Qxf3 O-O 9. Qh5 g6 10. Qh4 Re8 11. Qh6 Qd7 12. Bf6 Nf5+ 13. Qe3 Nxe3 14. fxe3
Rxe3+ 15. Kd1 Nc6 0-1

[Event "Challenge"]
[Site "http://www.queenalice.com/game.php?id=38438"]
[Date "2005.11.18"]
[Round "-"]
[White "toura"]
[Black "Jomaley"]
[Result "0-1"]
[WhiteElo "1107"]
[BlackElo "1286"]

1. Nf3 e6 2. d4 d5 3. c4 dxc4 4. Nc3 c6 5. e4 Nf6 6. Bxc4 Ng4 7. O-O Bb4 8. Bg5
f6 9. Bh4 a6 10. h3 Nh6 11. a3 Bxc3 12. bxc3 b5 13. Bb3 g5 14. Bg3 a5 15. a4 Ba6
16. Re1 b4 17. cxb4 axb4 18. Bxe6 Qe7 19. d5 Bc4 0-1

[Event "Challenge"]
[Site "http://www.queenalice.com/game.php?id=115547"]
[Date "2006.10.11"]
[Round "-"]
[White "edsonholanda"]
[Black "toura"]
[Result "1-0"]
[WhiteElo "1426"]
[BlackElo "1191"]

1. e4 e6 2. e5 d5 3. d4 c5 4. dxc5 Bxc5 5. f4 Ne7 6. b3 Nbc6 7. c4 O-O 8. Nf3
Nf5 9. Bd3 Ne3 10. Bxe3 Bxe3 11. g3 a6 12. Qe2 Bd4 13. Nxd4 Nxd4 14. Qh5 b5 15.
Qxh7# 1-0

[Event "Challenge"]
[Site "http://www.queenalice.com/game.php?id=117727"]
[Date "2006.10.16"]
[Round "-"]
[White "toura"]
[Black "Tlaloc2k"]
[Result "0-1"]
[WhiteElo "1184"]
[BlackElo "1383"]

1. Nf3 f6 2. d4 d5 3. c4 Bf5 4. Nc3 e6 5. e3 g5 6. Bd3 Bg4 7. Be2 a6 8. O-O h5
9. h3 Bf5 10. a3 g4 11. hxg4 hxg4 12. Nh2 Bd6 13. g3 Qe7 14. Kg2 Qh7 15. Rh1 Nd7
16. f4 gxf3+ 17. Bxf3 Qh3+ 18. Kf2 Qxg3+ 0-1

[Event "Challenge"]
[Site "http://www.queenalice.com/game.php?id=139707"]
[Date "2006.12.11"]
[Round "-"]
[White "toura"]
[Black "shiguer"]
[Result "1-0"]
[WhiteElo "1172"]
[BlackElo "1682"]

1. Nf3 e6 2. d4 c6 3. c4 Nf6 4. Nc3 Bb4 5. a3 Qa5 6. Bd2 Bxc3 7. Bxc3 Qf5 8. e3
h5 9. Bd3 Qg4 10. O-O h4 11. h3 Qh5 12. Be2 g5 13. Ne5 Qh6 14. Ng4 Nxg4 15. Bxg4
b6 16. b4 Ba6 17. d5 O-O 18. Qd4 f6 19. dxe6 dxe6 20. Bxe6+ Kg7 21. Rfd1 Bc8 22.
Qd6 Bxe6 23. Qxe6 Na6 24. Rd7+ Kg6 25. Rad1 Rae8 26. Qg4 c5 27. Rxa7 1-0

[Event "Challenge"]
[Site "http://www.queenalice.com/game.php?id=143053"]
[Date "2006.12.18"]
[Round "-"]
[White "toura"]
[Black "FENIX_40"]
[Result "1-0"]
[WhiteElo "1217"]
[BlackElo "1485"]

1. Nf3 d6 2. d4 Nf6 3. c4 c5 4. Nc3 e6 5. Bg5 Be7 6. e3 Qa5 7. Bd3 h6 8. Bxf6
Bxf6 9. O-O cxd4 10. exd4 O-O 11. a3 Qc7 12. b4 e5 13. Nb5 Qd8 14. Be4 a6 15.
Nc3 d5 16. Bxd5 Qb6 17. c5 Qc7 18. Re1 exd4 19. Nxd4 Bd8 20. Ne4 Qf4 21. g3 Qe5
22. Nc3 Qf6 23. Ne4 1-0

[Event "Challenge"]
[Site "http://www.queenalice.com/game.php?id=149315"]
[Date "2007.1.3"]
[Round "-"]
[White "toura"]
[Black "Ostrock"]
[Result "1-0"]
[WhiteElo "1229"]
[BlackElo "1020"]

1. Nf3 Nc6 2. d4 e6 3. c4 Bb4+ 4. Nc3 Nf6 5. Bg5 O-O 6. a3 Ba5 7. b4 Nxb4 8.
axb4 Bxb4 9. Qc2 g6 10. e3 b6 11. Bd3 Qe7 12. O-O Bb7 13. Ne5 Bd6 14. Rfd1 Bb4
15. Ne4 d5 16. Bxf6 Qe8 17. Ng5 b5 18. cxb5 Qb8 19. Nd7 Qe8 20. Nxf8 Qxf8 21.
Rab1 Be7 22. Qxc7 Bxf6 23. Nf3 Rb8 24. Rdc1 e5 25. dxe5 Be7 26. Nd4 Qg7 27.
Qxb8+ Bf8 28. Qxb7 f5 29. Qxd5+ Qf7 30. e6 Qg7 31. Rc8 a5 32. e7+ Kh8 33.
exf8=Q+ 1-0

[Event "Challenge"]
[Site "http://www.queenalice.com/game.php?id=149316"]
[Date "2007.1.3"]
[Round "-"]
[White "Pollyanna"]
[Black "toura"]
[Result "0-1"]
[WhiteElo "1238"]
[BlackElo "1212"]

1. e4 e6 2. b4 Bxb4 3. c3 Ba5 4. g4 d5 5. exd5 exd5 6. Ba3 Ne7 7. Qc2 Bxg4 8. f3
Bf5 9. h3 Bxc2 10. Bb5+ c6 11. Be2 O-O 12. d3 Bxb1 13. Rxb1 Bxc3+ 14. Kd1 b5 15.
d4 Bxd4 16. Rb4 c5 17. Rxb5 a6 18. Rb3 c4 19. Rb1 Nbc6 20. f4 Re8 21. Nf3 Be3
22. Ng5 Bxf4 23. Nf3 Nf5 24. Bb2 Rb8 25. h4 Ng3 26. Re1 d4 27. a3 c3 28. Bc1
Rxb1 29. a4 Rxc1# 0-1

[Event "Challenge"]
[Site "http://www.queenalice.com/game.php?id=149758"]
[Date "2007.1.4"]
[Round "-"]
[White "toura"]
[Black "lica"]
[Result "1-0"]
[WhiteElo "1202"]
[BlackElo "1063"]

1. Nf3 Nf6 2. d4 d5 3. c4 dxc4 4. Nc3 e6 5. e3 Nc6 6. Bxc4 a6 7. a3 b5 8. Bd3
Bd6 9. b4 a5 10. Bxb5 Bb7 11. Bb2 axb4 12. axb4 Bxb4 13. O-O Rb8 14. Bxc6+ Bxc6
15. Ne5 Bb7 16. Qa4+ Kf8 17. Qxb4+ Kg8 18. Ra4 c6 19. Rfa1 h5 20. Ne2 h4 21. h3
Ne4 22. Rc1 c5 23. dxc5 Bd5 24. Qa3 Rb3 25. Qa1 f6 26. Ng6 e5 27. f3 Rh6 28.
fxe4 Rxe3 29. exd5 Rxe2 30. Ra8 Rxg2+ 31. Kxg2 Rxg6+ 32. Kh2 Rg3 33. Rxd8+ Kf7
34. Qa7+ Kg6 35. c6 e4 36. Rg1 Rxg1 37. Qxg1+ Kf5 38. Qg4# 1-0

[Event "Challenge"]
[Site "http://www.queenalice.com/game.php?id=157801"]
[Date "2007.1.22"]
[Round "-"]
[White "lica"]
[Black "toura"]
[Result "1-0"]
[WhiteElo "1131"]
[BlackElo "1237"]

1. e4 e6 2. Nf3 d5 3. Nc3 c5 4. Bb5+ Bd7 5. d3 Bxb5 6. h4 Bd6 7. Nxb5 a6 8.
Nxd6+ Qxd6 9. e5 Qb6 10. Rb1 Qa5+ 11. c3 Qxa2 12. Nd2 d4 13. cxd4 cxd4 14. g4
Qd5 15. Rg1 Qxe5+ 16. Kf1 Nc6 17. Nc4 Qc5 18. g5 b5 19. b4 Qf5 20. Nd6+ Ke7 21.
Nxf5+ exf5 22. g6 f6 23. Qe1+ Ne5 24. f4 Kd6 25. Bb2 Nxd3 26. Qd2 Nxb2 27. Rxb2
Ne7 28. Qxd4+ Nd5 29. Rc2 Rad8 30. h5 h6 31. Qc5+ Ke6 32. Re2+ Kd7 33. Qxd5+ Kc7
34. Qxf5 Rd1+ 35. Kf2 Rxg1 36. Qc5+ Kd7 37. Kxg1 Rd8 38. Qa7+ 1-0

[Event "Challenge"]
[Site "http://www.queenalice.com/game.php?id=160365"]
[Date "2007.1.29"]
[Round "-"]
[White "toura"]
[Black "Nascimento"]
[Result "1-0"]
[WhiteElo "1244"]
[BlackElo "1105"]

1. Nf3 d6 2. d4 e5 3. c4 c5 4. e3 f6 5. Nc3 b6 6. Nd5 Ne7 7. e4 Ba6 8. Be2 g5 9.
h3 Bg7 10. O-O O-O 11. b4 h6 12. b5 Bc8 13. Be3 Ng6 14. a4 a5 15. Nxb6 Qxb6 16.
d5 Nd7 17. Nh2 Nh4 18. Bh5 Ra6 19. g3 Nb8 20. gxh4 Bxh3 21. Re1 Rc8 22. Bg4 Bxg4
23. Qxg4 Qb7 24. Qe6+ Kf8 25. Ng4 Re8 26. Qf5 Rb6 27. Nxf6 Re6 28. Qxe6 gxh4 29.
Nh7# 1-0

[Event "Challenge"]
[Site "http://www.queenalice.com/game.php?id=163558"]
[Date "2007.2.4"]
[Round "-"]
[White "toura"]
[Black "Pollyanna"]
[Result "1-0"]
[WhiteElo "1254"]
[BlackElo "1240"]

1. Nf3 e6 2. d4 b5 3. c4 bxc4 4. Nc3 Ba6 5. a3 Nc6 6. Bg5 f6 7. Bh4 g5 8. Bg3
Qe7 9. e4 O-O-O 10. Qa4 h5 11. Qxa6+ Kb8 12. Bxc4 h4 13. Bxc7+ Kxc7 14. Nb5+ Kb8
15. d5 exd5 16. Bxd5 g4 17. Bxc6 dxc6 18. Qxa7+ Kc8 19. Qa8+ Kd7 20. Qb7+ Ke6
21. Qxc6+ Kf7 22. Nfd4 Rb8 23. O-O Bg7 24. Nd6+ Kg6 25. N4f5 Qe5 26. b4 Kh5 27.
Nxg7+ Kg5 28. Nf7+ Kg6 29. Nxh8+ Kg5 30. Ne6+ 1-0

[Event "Challenge"]
[Site "http://www.queenalice.com/game.php?id=165780"]
[Date "2007.2.9"]
[Round "-"]
[White "Ostrock"]
[Black "toura"]
[Result "0-1"]
[WhiteElo "1027"]
[BlackElo "1269"]

1. e4 e6 2. Nf3 d5 3. Nc3 c5 4. Bb5+ Bd7 5. Qe2 a6 6. Ba4 Bxa4 7. Nxa4 b5 8. b3
bxa4 9. bxa4 Nc6 10. O-O Nf6 11. Qe3 Rb8 12. Qd3 Nxe4 13. Qxa6 Qc7 14. d3 Nc3
15. Nd2 Bd6 16. Nf3 O-O 17. Re1 Ra8 18. Qxa8 Rxa8 19. g3 Rxa4 20. Be3 d4 21.
Nxd4 cxd4 22. Bg5 h6 23. Bh4 Be7 24. Re4 f5 25. Rf4 Ne2+ 26. Kg2 Nxf4+ 27. Kf3
Ng6 0-1